Considerando el rey que de continuar prohibida por mas tiempo la extraccion de la seda...

Detalles Bibliográficos
Autor Corporativo: España. Leyes, decretos, etc
Formato: Libro
Lenguaje:Spanish
Publicado: [Madrid : s.n.,] 1801?
Materias:
Colección:Banco de datos
Acervo:Fondo Bibliográfico Antiguo del Archivo Municipal de Orizaba
Descripción Física:[2] h. ; f°
Tema general:Derecho civil
Notas:Texto a renglón seguido. Colofón: Madrid 26 de enero de 1801. Encuadernación en piel sobre cartón
LEADER 00875nam a22002050004500
035 |a 1735 
041 0 |a spa 
110 1 |a España. Leyes, decretos, etc.  
240 0 0 |a Bando 1801-01-26 
245 1 0 |a Considerando el rey que de continuar prohibida por mas tiempo la extraccion de la seda...  
260 |a [Madrid : s.n.,] 1801? 
300 |a [2] h. ; f° 
500 |a Texto a renglón seguido. Colofón: Madrid 26 de enero de 1801. Encuadernación en piel sobre cartón 
501 |a 40 obras 
504 |a Este documento impreso no tiene portada sino una rúbrica o título de partida al comienzo del texto de donde se ha tomado el título, mientras que la ciudad de impresión y el año del colofón del texto 
650 1 0 |a Derecho civil 
949 |a 2503-Y 
942 |c ORIZABA 
943 |g Fondo Bibliográfico Antiguo del Archivo Municipal de Orizaba 
999 |c 1103685  |d 1103685